00903cac a22002171u 4500008004100000010001600041020002200057082001800079100003400097245013200131250001200263260004900275300002600324440004800350504006400398650002400462650004300486942002600529999001500555952011500570090216t xxu||||| |||| 00| 0 eng d a 00050701 a1563088169 (pbk.)00a658.1554bKIN aKingma, Bruce R. 14aThe economics of information :ba guide to economic and cost-benefit analysis for information professionals /cBruce R. Kingma. a2nd ed. aEnglewood, CO :bLibraries Unlimited,c2001. axii, 180 p. ;c23 cm. 0aLibrary and information science text series aIncludes bibliographical references (p. 167-174) and index. 0aCost effectiveness. 0aInformation sciencexEconomic aspects. cBBk658.1554 KIN2ddc c2443d2443 00102ddc40708 aMAINbMAINc1STd2007-02-21epurchasel0o658.1554 KINp000001710r2025-07-15 00:00:00yBB